000 00898nam a2200241 i 4500
001 bg
100 1 _aDUDEK, Andrzej
245 1 0 _aZbiornik ciśnieniowy spawany :
_b(materiały pomocnicze do projektu z PKM dla studentów kierunku Mechanika) : pomoc dydaktyczna /
_cAndrzej Dudek ; Politechnika Krakowska im. Tadeusza Kościuszki.
250 _aWyd.2.
260 _aKraków :
_bPK,
_c1993.
300 _a150 s. :
_brys., wykr. ;
_c24 cm.
490 1 _aPomoce Dydaktyczne / Politechnika Krakowska im. Tadeusza Kościuszki
650 9 _aNaczynia ciśnieniowe
_xprojekty
650 9 _aSpawanie
_xzagadnienia
655 _aPodręczniki akademickie
830 0 _aPomoce Dydaktyczne (Politechnika Krakowska im. Tadeusza Kościuszki)
015 _aPB 10615
040 _cBPK
041 0 _apl
080 _a621.64:621.791/.795](075.8)
942 _cKS
008 s pl f |000 0 pol
999 _c6315
_d6315
856 _uhttp://koha.tu.koszalin.pl/cgi-bin/koha/opac-detail.pl?biblionumber=6315
_yKatalog online BPK